000 01408cad a22002535a 4500
001 E150916
008 100915s2009 xxk f 100 0 eng d
020 _a9781842195192
035 _a(Sirsi) u150916
041 0 _aeng
100 1 _aGalvin, Shane
111 2 _aConstruction and Building Research Conference
_cUniversity of Cape Town
_d10-11 September 2009
245 0 0 _aCommercial real estate auctions
_ban investigation of the British market
_h[electronic resource]
260 _aLondon
_bRICS
_c2009
520 _aConsiders and classifies the buyers that are active within the auction room, and identifies the "key players" within the industry. Reports on a series of in-depth interviews relating to maintaining auction sustainability, including discussing issues such as the adaptation of new technologies by the industry, the provision of a greater knowledge of auctions to the public and property professionals, and addressing the emergence of the private investor in the auction room.
590 _aKA
650 2 4 _aCONSTRUCTION AND BUILDING RESEARCH CONFERENCE (COBRA)
651 4 _aUnited Kingdom
_y
690 _aBUILT ENVIRONMENT-CONSTRUCTION MARKET
700 1 _aJenkins, David
_cProfessor
700 1 _aGronow, Stuart
_cProfessor
856 4 0 _uhttps://www.rics.org/site/scripts/download_info.aspx?fileID=5015&categoryID=524
_zView the item free of charge at www.rics.org
942 _n0
999 _c111020
_d111020